Be Like A Woman - Chris Rainbow full Lyrics - Statistics

General Stats
  • This quiz has been taken 22 times
  • The average score is 173 of 203
Answer Stats
Answer % Correct
a
100%
And
100%
be
100%
Be
100%
(Be
100%
I
100%
it
100%
like
100%
me
100%
me.
100%
me,
100%
me)
100%
the
100%
to
100%
who
100%
woman
100%
woman,
100%
you
100%
Do
93%
when
93%
But
87%
but
87%
for
87%
good
87%
make
87%
moonlight,
87%
Oh,
87%
oh!
87%
Oh!
87%
oh,
87%
one.
87%
Under
87%
under
87%
wanna
87%
want,
87%
what
87%
day,
80%
Don't
80%
don't
80%
hear
80%
in
80%
Into
80%
It's
80%
last
80%
light,
80%
night,
80%
Out
80%
out
80%
See
80%
see,
80%
Show
80%
sound,
80%
Stay
80%
story,
80%
Tell
80%
If
73%
is
73%
Love
73%
love
73%
my
73%
new
73%
of
73%
right,
73%
save
73%
taking.
73%
yours
73%
all
67%
alright,
67%
around,
67%
at
67%
breaking.
67%
dance
67%
feel
67%
heart
67%
Holding
67%
hot
67%
just
67%
starlight,
67%
turn
67%
Give
60%
got,
60%
sun.
60%
these,
60%
times
60%
Touching
60%
yeah.
60%
yeah!
60%
you've
60%
summer
53%
This
53%
breeze,
47%
made
47%
warm
40%
No matching quizzes found
Score Distribution
Percent of People with Each Score
Percentile by Number Answered
Your Score History
You have not taken this quiz